000 00507nam a22001937a 4500
003 CEME
005 20210628210554.0
008 210210b xxu||||| |||| 00| 0 eng d
020 _a0-87170-132-4
040 _c.
082 _a620.1623 EVA
100 _aEvans, Ulick.R
_940939
245 _aAn introduction to metallic corrosion
250 _a3RD
260 _aLONDON
_bEDWARD ARNOLD
_c1982
300 _a305P
650 _aCORROSIVES AND ANTI-CORROSIVES METALLIC CORROSION
_979997
942 _cBK
_2ddc
999 _c584975
_d584975